Normal view
MARC view
- Shuter Murgh Riasat
Entry Topical Term
001 - CONTROL NUMBER
- control field: 127696
003 - CONTROL NUMBER IDENTIFIER
- control field: NUST
005 - DATE AND TIME OF LATEST TRANSACTION
- control field: 20250122100715.0
008 - FIXED-LENGTH DATA ELEMENTS
- fixed length control field: 250122|| aca||aabn | a|a d
040 ## - CATALOGING SOURCE
- Original cataloging agency: NUST
- Transcribing agency: NUST
150 ## - HEADING--TOPICAL TERM
- Topical term or geographic name entry element: Shuter Murgh Riasat
670 ## - SOURCE DATA FOUND
- Source citation: Work cat.: (NUST): Mustansar Hussain Tarar 9703, Shuter Murgh Riasat, 2000.
